Newcastle United - Oldest Players - Statistics

General Stats
  • This quiz has been taken 11 times
  • The average score is 8 of 18
Answer Stats
Last Game Age (Y:d) Nationality Answer % Correct
17 April 2006 35:247 England Alan Shearer
86%
15 May 2004 34:249 Wales Gary Speed
86%
24 May 2009 33:227 Australia Mark Viduka
86%
13 Feb 2016 34:21 Argentina Fabricio Coloccini
71%
26 Dec 2006 38:290 Czech Republic Pavel Srníček
71%
02 Jan 2002 35:335 England Rob Lee
71%
11 May 1997 36:113 England Peter Beardsley
57%
19 May 2013 38:66 England Steve Harper
57%
10 Jan 1998 36:82 Wales Ian Rush
43%
15 Aug 1998 34:281 England John Barnes
43%
04 Dec 2004 35:177 Norway Ronny Johnsen
29%
19 May 2001 34:177 Scotland Kevin Gallacher
14%
18 Feb 2003 34:33 Slovakia Martin Dúbravka
14%
24 May 2009 34:123 England Nicky Butt
14%
01 May 2011 34:171 Finland/Serbia Shefki Kuqi
14%
19 May 2011 36:182 England Sol Campbell
14%
28 Dec 1998 36:248 England Stuart Pearce
14%
11 Sep 1999 36:13 Northern Ireland Tommy Wright
0%
No matching quizzes found
Score Distribution
Percent of People with Each Score
Percentile by Number Answered
Your Score History
You have not taken this quiz